| 000 | 00723nam a2200217 a 4500 | ||
|---|---|---|---|
| 005 | 20210219160401.0 | ||
| 008 | 081028s1978 mx r 000 0 spa d | ||
| 035 | _aUPN01000164461 | ||
| 049 | _aUNE | ||
| 080 | _a338 (-77) =20 GRE No.3. | ||
| 100 | 1 | _aGreffe, Xavier | |
| 245 | 1 | 0 |
_aReport on the analysis of international transfers of economic knowledge / _cXavier Greffe, assisted by Michel Aubry; Jerome Lallement. |
| 260 |
_aParis : _bUNESCO, _c1978. |
||
| 300 | _a30 p. | ||
| 440 | 0 | _aReports and studies; Tok. 3 | |
| 690 | _aPolitica economica- Paises en desarrollo | ||
| 700 | 1 | _aAubry, Michel | |
| 700 | 1 | _aLallement, Jerome | |
| 710 | 2 | _aUNESCO. Division for the Study of Development | |
| 905 | _aUNESCO | ||
| 999 |
_c136573 _d136573 |
||